000 00503nam a2200205Ia 4500
008 240509s9999 xx 000 0 und d
020 _a0009971512920
041 _aEng
082 _a004.6
082 _bF37
100 _aFITZGERALD J. & DENNIS A.
245 0 _aBUSINESS DATA COMMUNICATIONS AND NETWORKING
250 _a6th ed.
260 _bNEW YORK : JOHN WILEY
260 _c2000
300 _a491 p.
650 _aDATA COMMUNICATION : COMPUTER NETWORKS
942 _2ddc
942 _cLBK
999 _c22387
_d22387
945 _a1
_bMadushi Gamage
_c1
_dMadushi Gamage